• 首页
  • 本馆介绍
  • 公告通知
  • 最新文献
  • 馆藏检索
  • 电子资源
  • 读者导购
  • 参考咨询
  • 我的图书馆
  • 登录
  • 详细信息显示
  • 放入我的书架
  • 预约/预借图书
  • 作者相关作品
  • 分类相关作品
  • 丛书相关作品
  • 出版社相关作品

书目信息

  • 表格格式
  • 工作单格式
  • 卡片格式
题名:
印染废水处理技术及典型工程
    
 
作者: 张林生 著 ;张胜林 副 主编
分册:  
出版信息: 北京   化学工业出版社  2005.80
页数:
开本: 16开
丛书名:
单 册:
中图分类: X791
科图分类:
主题词: 轻工业--废物处理 , 轻工业--废物综合利用
电子资源:
ISBN: 7-5025-7074
000 00700nam0 2200205 450
001 0736196517
005 20070924100316.51
010    @a7-5025-7074@d¥48.00
100    @a20070924d km y0chiy0120 ea
101 0  @achi
200 1  @a印染废水处理技术及典型工程@Ayin ran fei shui chu li ji shu ji dian xing gong cheng@f张林生 等著@Fzhang lin sheng deng zhu@g张胜林 副主编@Gzhang sheng lin fu zhu bian
210    @a北京@c化学工业出版社@d2005.80
215    @d16开
606 0  @a轻工业@x废物处理
606 0  @a轻工业@x废物综合利用
690    @aX791@v3
701  0 @a张林生@Azhang lin sheng@4著
702  0 @a张胜林 副@Azhang sheng lin fu@4主编
801  0 @aCN@bPFT@c20070924
905    @a213230@dX791@eZY63@f1
    
    印染废水处理技术及典型工程/张林生 等著/张胜林 副主编.-北京:化学工业出版社,2005.80
    16开
    
    
    ISBN 7-5025-7074:¥48.00
    
●
相关链接 在E读中查询图书 在五车中查询图书 在当当中查询图书 在豆瓣中查询图书


正题名:印染废水处理技术及典型工程     索取号:X791/ZY63         预约/预借

序号 登录号 条形码 馆藏地/架位号 状态 备注
1 7901724   279017243   密集书库-资源管理系/ [索取号:X791/ZY63] 在馆    
唐山师范学院图书馆 欢迎您!
大连网信软件有限公司© 版权所有